| 000 | 00000nam##2200000za#4500 |
| 001 | 9.572455 |
| 003 | CaOODSP |
| 005 | 20220111083100 |
| 007 | cr ||||||||||| |
| 008 | 150406|1994||||xxc|||||o f|0| 0 eng|d |
| 022 | |a1928-6414 |
| 040 | |aCaOODSP|beng |
| 043 | |an-cn--- |
| 086 | 1 |aNE22-1/1994-3E-PDF |
| 110 | 1 |aCanada. |bNational Energy Board. |
| 245 | 10|aReasons for decision in the matter of Trans Mountain Pipe Line Company Ltd. : |h[electronic resource]|bapplication dated 30 September 1993 for new tolls effective 1 January 1993 and 1 January 1994 |
| 246 | 1 |iVariant title : |aTrans Mountain Pipe Line Company Ltd. |
| 260 | |aCalgary - Alberta : |bNational Energy Board |cMarch 1994. |
| 300 | |a71p.|btables |
| 490 | 1 |aReasons for decision|x1928-6414|vRH-3-93 |
| 500 | |aThe catalogue number (NE22-1/1994-3E) and ISBN (0-662-22199-0) for the print edition have been incorrectly copied in this electronic publication. |
| 590 | |a12-07-Supp|b2012-03-09 |
| 775 | 08|tMotifs de décision relativement à Trans Mountain Pipe Line Company : |w(CaOODSP)9.602801 |
| 776 | 0#|tIn the matter of Trans Mountain Pipe Line Company Ltd. : |w(CaOODSP)9.611184 |
| 830 | #0|aReasons for decision (Canada. National Energy Board)|x1928-6414|vRH-3-93|w(CaOODSP)9.504480 |
| 856 | 40|ahttp://publications.gc.ca|qPDF|s164 KB|uhttps://publications.gc.ca/collections/Collection/NE22-1-1994-3E.pdf|yRH-3-93 |